[Event "IECC M email"]
[Site "IECC email"]
[Date "2001.08.14"]
[Round "?"]
[White "Arinbjarnarson, Robert"]
[Black "Weaver, Matthew"]
[Result "0-1"]
[WhiteElo "1007"]
[BlackElo "1072"]
[PlyCount "118"]
[EventDate "2001.??.??"]
[EventType "tourn (corr)"]
[EventRounds "6"]
[SourceTitle "Corr 2008"]
[Source "ChessBase"]
[SourceDate "2008.06.24"]
[SourceVersion "1"]
[SourceVersionDate "2008.06.24"]
[SourceQuality "1"]

1. e4 e6 2. d4 d5 3. e5 c5 4. c3 Nc6 5. Nf3 Qb6 6. b3 cxd4 7. cxd4 Nh6 8. Bxh6 gxh6 9. Bd3 Bb4+ 10. Ke2 Bd7 11. a3 Nxd4+ 12. Nxd4 Qxd4 13. axb4 Qxa1 14. f4 Qb2+ 15. Qc2 Rg8 16. g3 Qxc2+ 17. Bxc2 Bb5+ 18. Ke3 Rg7 19. Rc1 Rc8 20. Kd2 Kd7 21. Nc3 h5 22. Nxb5 a6 23. Nd6 Rb8 24. b5 h4 25. Rg1 hxg3 26. hxg3 Ke7 27. Kd3 Rg6 28. Kd4 Rh6 29. f5 Rh5 30. f6+ Kf8 31. Rc1 Rh3 32. g4 h6 33. Rg1 Rh2 34. Bd1 axb5 35. Nxb5 b6 36. Kd3 Rc8 37. g5 hxg5 38. Rxg5 Rh3+ 39. Kd2 Rc5 40. Nd4 b5 41. b4 Rc4 42. Nc2 Rh2+ 43. Be2 Re4 44. Ne3 d4 45. Ng4 Rexe2+ 46. Kd3 Rd2+ 47. Ke4 Rhg2 48. Kf3 Rg1 49. Rh5 Kg8 50. Rh2 Rxh2 51. Nxh2 Rb1 52. Ke4 Rxb4 53. Kd3 Kh7 54. Nf1 Kg6 55. Ke4 d3+ 56. Kxd3 Kf5 57. Kc3 Ra4 58. Nd2 Kxe5 59. Kb3 Kxf6 0-1